[Event "SRB-chT (Women)"]
[Site "Novi Sad"]
[Date "2010.08.23"]
[Round "1"]
[White "Velikic, Adela"]
[Black "Gebejes, Ana"]
[Result "1/2-1/2"]
[WhiteElo "1619"]
[BlackElo "2056"]
[PlyCount "79"]
[EventDate "2010.08.23"]
[EventType "team-tourn"]
[EventRounds "11"]
[EventCountry "YUG"]
[SourceTitle "CBM 138 Extra"]
[Source "ChessBase"]
[SourceDate "2010.10.29"]
[SourceVersion "1"]
[SourceVersionDate "2010.10.29"]
[SourceQuality "1"]

1. e4 e5 2. Nf3 Nf6 3. Nxe5 d6 4. Nf3 Nxe4 5. d3 Nf6 6. d4 d5 7. Bd3 Bd6 8. 0-0 0-0 9. Bg5 h6 10. Bh4 Re8 11. Nbd2 c6 12. c3 Na6 13. Qc2 Nc7 14. Rae1 Ne6 15. Ne5 g5 16. Bg3 Bxe5 17. Bxe5 Bd7 18. Nf3 a5 19. Re2 c5 20. Rfe1 c4 21. Bf5 b5 22. a3 Nh5 23. g3 Ra6 24. Qd2 Nhg7 25. Bxg7 Nxg7 26. Bxd7 Qxd7 27. Rxe8+ Nxe8 28. Ne5 Qf5 29. Qe2 Re6 30. Qf3 Nd6 31. Qxf5 Nxf5 32. Kf1 Rd6 33. Ng4 Kg7 34. Re5 Kg6 35. Ke2 b4 36. axb4 axb4 37. Ne3 Nxe3 38. Kxe3 b3 39. f4 f6 40. Re7 1/2-1/2

[Event "Senta op-B 14th"]
[Site "Senta"]
[Date "2010.07.24"]
[Round "9"]
[White "Berta, Sandor Martin"]
[Black "Gebejes, Ana"]
[Result "0-1"]
[WhiteElo "1866"]
[BlackElo "2056"]
[PlyCount "40"]
[EventDate "2010.07.17"]
[EventType "swiss"]
[EventRounds "9"]
[EventCountry "YUG"]
[SourceTitle "EXT 2011"]
[Source "ChessBase"]
[SourceDate "2010.11.26"]
[SourceVersion "1"]
[SourceVersionDate "2010.11.26"]
[SourceQuality "1"]

1. e4 e5 2. Nf3 Nf6 3. Nxe5 d6 4. Nf3 Nxe4 5. d4 d5 6. Bd3 Bg4 7. 0-0 Be7 8. Re1 f5 9. c3 0-0 10. Qb3 Nc6 11. Qxb7 Qd6 12. Qb3 Bxf3 13. gxf3 Nxf2 14. Bf1 Bh4 15. Re2 Rae8 16. Be3 Qg6+ 17. Bg2 Nh3+ 18. Kf1 Nf4 19. Bxf4 Rxe2 20. Qxd5+ Re6 0-1

[Event "Senta op-B 14th"]
[Site "Senta"]
[Date "2010.07.19"]
[Round "4"]
[White "Gebejes, Ana"]
[Black "Juhasz, Bencze"]
[Result "1-0"]
[WhiteElo "2056"]
[BlackElo "1878"]
[PlyCount "63"]
[EventDate "2010.07.17"]
[EventType "swiss"]
[EventRounds "9"]
[EventCountry "YUG"]
[SourceTitle "EXT 2011"]
[Source "ChessBase"]
[SourceDate "2010.11.26"]
[SourceVersion "1"]
[SourceVersionDate "2010.11.26"]
[SourceQuality "1"]

1. d4 Nf6 2. c4 g6 3. f3 Bg7 4. e4 d6 5. Bg5 Nbd7 6. Qd2 e5 7. d5 Nc5 8. Nc3 a5 9. Be2 Bd7 10. Bd1 Qb8 11. a4 0-0 12. Nge2 Qa7 13. Ra3 Rae8 14. Nb5 Qb8 15. Qxa5 c6 16. Nbc3 Nd3+ 17. Kd2 Nxb2 18. Qb4 Nxd1 19. Rxd1 cxd5 20. cxd5 h6 21. Be3 Bc8 22. Nb5 Rd8 23. Bb6 Rd7 24. Rc1 Ne8 25. Na7 Nc7 26. Rac3 Na6 27. Qa5 Nc5 28. Nb5 f5 29. Nxd6 Nxe4+ 30. fxe4 Qxd6 31. Bc5 Qf6 32. Bxf8 1-0

[Event "SRB-chT (Women) 1st"]
[Site "Zlatibor"]
[Date "2007.08.29"]
[Round "9"]
[White "Gebejes, Ana"]
[Black "Rakic, Marija"]
[Result "0-1"]
[WhiteElo "2056"]
[BlackElo "2247"]
[PlyCount "92"]
[EventDate "2007.08.21"]
[EventType "team"]
[EventRounds "11"]
[EventCountry "YUG"]
[SourceTitle "CBM 120 Extra"]
[Source "ChessBase"]
[SourceDate "2007.11.01"]
[SourceVersion "1"]
[SourceVersionDate "2007.11.01"]
[SourceQuality "1"]

1. d4 Nf6 2. c4 e6 3. Bg5 Be7 4. Nc3 d6 5. Nf3 Nbd7 6. Qc2 c5 7. e4 cxd4 8. Nxd4 a6 9. Be2 Qc7 10. Be3 b6 11. 0-0 Bb7 12. f3 0-0 13. Rfd1 Rac8 14. Rac1 Qb8 15. Bf1 Bd8 16. Qf2 Bc7 17. Qh4 Ne5 18. b3 Rfe8 19. Qh3 Ng6 20. Nde2 d5 21. exd5 exd5 22. Bg5 dxc4 23. bxc4 Be5 24. Bxf6 Bxf6 25. Nd5 Bb2 26. Rb1 Bxd5 27. cxd5 Rxe2 28. Bxe2 Nf4 29. Qxc8+ Qxc8 30. Rxb2 Qc5+ 31. Kf1 Nxd5 32. Rxd5 Qxd5 33. Rxb6 g5 34. Rxa6 h5 35. a4 Qc5 36. g3 h4 37. a5 Kg7 38. Ra8 Qc6 39. Ra6 Qc1+ 40. Kf2 h3 41. Ra8 Qh1 42. a6 Qxh2+ 43. Ke3 Qg1+ 44. Kd3 h2 45. a7 Qb1+ 46. Kc3 Qa1+ 0-1

[Event "SRB-chT (Women) 1st"]
[Site "Zlatibor"]
[Date "2007.08.28"]
[Round "8"]
[White "Olarasu, Gabriela"]
[Black "Gebejes, Ana"]
[Result "1-0"]
[WhiteElo "2283"]
[BlackElo "2056"]
[PlyCount "95"]
[EventDate "2007.08.21"]
[EventType "team"]
[EventRounds "11"]
[EventCountry "YUG"]
[SourceTitle "CBM 120 Extra"]
[Source "ChessBase"]
[SourceDate "2007.11.01"]
[SourceVersion "1"]
[SourceVersionDate "2007.11.01"]
[SourceQuality "1"]

1. d4 d5 2. c4 c6 3. Nc3 Nf6 4. Nf3 e6 5. e3 Nbd7 6. Qc2 Bd6 7. b3 0-0 8. Bb2 Qe7 9. Be2 b6 10. 0-0 Bb7 11. a4 Rfd8 12. a5 dxc4 13. bxc4 e5 14. Rfe1 exd4 15. exd4 Nf8 16. a6 Bc8 17. d5 cxd5 18. Bd3 Qd7 19. cxd5 Ng6 20. Bb5 Qf5 21. Qxf5 Bxf5 22. Bc6 Rac8 23. Nb5 Bb8 24. Bxf6 gxf6 25. g3 Bd3 26. Nfd4 Ne5 27. Nc3 Bc4 28. f4 Nd3 29. Re7 Kf8 30. Nf5 Nb4 31. Bb7 Rc5 32. Rae1 Nxd5 33. Nxd5 Bxd5 34. Rd1 b5 35. Re3 Bc7 36. Red3 Bb6 37. Ne3 Rc7 38. Bxd5 Rxd5 39. Rxd5 Bxe3+ 40. Kg2 b4 41. Rb5 Rc2+ 42. Kf3 Bb6 43. Rxb6 axb6 44. Rd8+ Ke7 45. a7 Kxd8 46. a8Q+ Kc7 47. Qa7+ Kc6 48. Qa4+ 1-0

[Event "Senta op-A 10th"]
[Site "Senta"]
[Date "2006.07.21"]
[Round "1"]
[White "Gebejes, Ana"]
[Black "Sinka, Istvan"]
[Result "0-1"]
[WhiteElo "2037"]
[BlackElo "2336"]
[PlyCount "66"]
[EventDate "2006.07.21"]
[EventType "swiss"]
[EventRounds "9"]
[EventCountry "YUG"]
[SourceTitle "CBM 113 Extra"]
[Source "ChessBase"]
[SourceDate "2006.09.14"]
[SourceVersion "1"]
[SourceVersionDate "2006.09.14"]
[SourceQuality "1"]

1. d4 Nf6 2. c4 c5 3. d5 a6 4. Nc3 b5 5. cxb5 axb5 6. Nxb5 Bb7 7. Nc3 Qa5 8. Bd2 Qb6 9. e4 e6 10. Bc4 Nxe4 11. Nxe4 exd5 12. Nc3 dxc4 13. Qe2+ Qe6 14. f3 Nc6 15. Nh3 Nd4 16. Qxe6+ fxe6 17. 0-0-0 Be7 18. Rhe1 0-0 19. Be3 Bf6 20. Nf2 g6 21. Kb1 d5 22. Ng4 Bg7 23. Bf2 Bc8 24. Ne5 Rf5 25. Ng4 h5 26. Ne3 Rf7 27. Bg3 Nc6 28. Ncxd5 exd5 29. Rxd5 Nb4 30. Rd8+ Kh7 31. Red1 Rxa2 32. Rxc8 Rxb2+ 33. Kc1 Na2# 0-1

[Event "SRB-ch U20 Girls"]
[Site "Vrnjacka Banja"]
[Date "2005.08.17"]
[Round "7"]
[White "Gebejes, Ana"]
[Black "Stojanovic, Andjelija"]
[Result "0-1"]
[WhiteElo "2027"]
[BlackElo "2162"]
[PlyCount "82"]
[EventDate "2005.08.11"]
[EventType "tourn"]
[EventRounds "9"]
[EventCountry "YUG"]
[SourceTitle "EXT 2023"]
[Source "ChessBase"]
[SourceDate "2022.10.05"]
[SourceVersion "1"]
[SourceVersionDate "2022.10.05"]
[SourceQuality "1"]

1. d4 d5 2. Nf3 Nf6 3. c4 c6 4. Nc3 dxc4 5. a4 Bf5 6. e3 e6 7. Bxc4 Bb4 8. Bd2 Nbd7 9. 0-0 0-0 10. Nh4 Bg4 11. f3 Nd5 12. Qe1 Be7 13. fxg4 Bxh4 14. g3 Be7 15. e4 Nb4 16. Qf2 c5 17. d5 Nb6 18. b3 exd5 19. exd5 N6xd5 20. Nxd5 Nxd5 21. Rad1 Nf6 22. Be3 Qc8 23. g5 Ne4 24. Bxf7+ Kh8 25. Qc2 Nxg5 26. Bxg5 Bxg5 27. Rf5 Be3+ 28. Kh1 Qc6+ 29. Bd5 Qa6 30. Qe4 Qe2 31. Rdf1 Qxf1+ 32. Rxf1 Rxf1+ 33. Kg2 Rf2+ 34. Kh3 Bd4 35. Bxb7 Rb8 36. Qe7 Rbf8 37. Ba6 R2f7 38. Qe4 Rf6 39. Bd3 Rh6+ 40. Kg4 Rxh2 41. Qe7 h5+ 0-1

[Event "SCG-chT (Women)"]
[Site "Budva"]
[Date "2004.09.11"]
[Round "4.4"]
[White "Benderac, Ana"]
[Black "Gebejes, Ana"]
[Result "1-0"]
[WhiteElo "2299"]
[BlackElo "2077"]
[PlyCount "35"]
[EventDate "2004.09.08"]
[EventType "team"]
[EventRounds "11"]
[EventCountry "YUG"]
[SourceTitle "CBM 102 Extra"]
[Source "ChessBase"]
[SourceDate "2004.11.03"]
[SourceVersion "1"]
[SourceVersionDate "2004.11.03"]
[SourceQuality "1"]
[WhiteTeam "02"]
[BlackTeam "10"]
[WhiteTeamCountry "YUG"]
[BlackTeamCountry "YUG"]

1. d4 Nf6 2. Nc3 d5 3. Nf3 Bg4 4. Ne5 Bf5 5. g3 Nbd7 6. Bg2 e6 7. 0-0 c5 8. Bg5 cxd4 9. Qxd4 Nxe5 10. Qxe5 Bd6 11. Qd4 Bxc2 12. Rac1 Bg6 13. e4 dxe4 14. Bxf6 gxf6 15. Rfd1 Ke7 16. Nb5 b6 17. Nxd6 Qd7 18. Nf5+ 1-0

[Event "EU-ch U18 Girls"]
[Site "Urgup"]
[Date "2004.07.??"]
[Round "1"]
[White "Gebejes, Ana"]
[Black "Nechaeva, Marina"]
[Result "1/2-1/2"]
[WhiteElo "2077"]
[BlackElo "2317"]
[PlyCount "80"]
[EventDate "2004.08.??"]
[EventType "swiss"]
[EventRounds "9"]
[EventCountry "TUR"]
[SourceTitle "EXT 2005"]
[Source "ChessBase"]
[SourceDate "2004.11.15"]
[SourceVersion "1"]
[SourceVersionDate "2004.11.15"]
[SourceQuality "1"]

1. d4 d5 2. c4 e6 3. Nf3 Nf6 4. Bg5 c6 5. e3 Nbd7 6. cxd5 exd5 7. Bd3 Be7 8. Nbd2 0-0 9. Qc2 Re8 10. 0-0 Nf8 11. Ne5 Ng4 12. Bxe7 Rxe7 13. Ndf3 Nxe5 14. Nxe5 Qd6 15. a4 f6 16. Nf3 Bg4 17. Nd2 Bh5 18. a5 a6 19. Nb3 Bg6 20. Bxg6 Nxg6 21. Nc5 Rae8 22. Qb3 Qc7 23. Ra4 f5 24. Rfa1 f4 25. e4 f3 26. Rb4 Nh4 27. Rxb7 Qc8 28. Rxe7 Rxe7 29. exd5 cxd5 30. Qxd5+ Rf7 31. Ne6 Rf5 32. Qe4 fxg2 33. d5 Nf3+ 34. Kxg2 Qb8 35. Rh1 Qd6 36. h4 g6 37. b4 h5 38. Nc5 Kh7 39. Rh3 Nd2 40. Qd4 Qxd5+ 1/2-1/2

[Event "SCG-ch U18 Girls"]
[Site "Niska Banja"]
[Date "2004.04.14"]
[Round "2"]
[White "Stankovic, Jovana"]
[Black "Gebejes, Ana"]
[Result "0-1"]
[WhiteElo "1975"]
[BlackElo "2077"]
[PlyCount "104"]
[EventDate "2004.04.??"]
[EventType "swiss"]
[EventRounds "9"]
[EventCountry "YUG"]
[SourceTitle "CBM 099 Extra"]
[Source "ChessBase"]
[SourceDate "2004.05.04"]
[SourceVersion "1"]
[SourceVersionDate "2004.05.04"]
[SourceQuality "1"]

1. d4 Nf6 2. c4 e6 3. Nf3 b6 4. g3 Bb7 5. Bg2 Bb4+ 6. Bd2 Qe7 7. 0-0 0-0 8. a3 Bxd2 9. Nbxd2 d5 10. Rc1 dxc4 11. Nxc4 Rd8 12. e3 c5 13. Nce5 Nc6 14. Nxc6 Bxc6 15. Qe2 Ne4 16. Ne5 Bb7 17. Bxe4 Bxe4 18. f3 Bb7 19. dxc5 bxc5 20. Rfd1 f6 21. Ng4 c4 22. e4 Rxd1+ 23. Rxd1 c3 24. bxc3 Qxa3 25. Qc4 Qe7 26. Qb5 Bc8 27. c4 a5 28. c5 a4 29. Qc6 Rb8 30. Ra1 Bd7 31. Qc7 Rc8 32. Qd6 Qxd6 33. cxd6 e5 34. Ne3 Kf7 35. Nd5 Rb8 36. f4 exf4 37. gxf4 Rb2 38. e5 fxe5 39. fxe5 Ke6 40. Nc3 Rb4 41. Na2 Rg4+ 42. Kf2 Kxe5 43. Nc3 Kxd6 44. Kf3 Rc4 45. Ne4+ Ke5 46. Nd2 Rc3+ 47. Kf2 Kf4 48. Nb1 Rc2+ 49. Ke1 Rxh2 50. Kd1 h5 51. Ra3 Rh1+ 52. Kc2 Bf5+ 0-1